Super Smash Bros. Fighters #47 - The Wii Fit Trainer Quiz - Statistics

General Stats
  • This quiz has been taken 114 times
  • The average score is 7 of 16
Answer Stats
Hint Answer % Correct
In Wii Fit Trainer’s reveal trailer, what three characters are shown attempting to do a tree pose? Mario
78%
In Wii Fit Trainer’s reveal trailer, what three characters are shown attempting to do a tree pose? Link
76%
Wii Fit was rereleased on the Wii with additional exercises and a slightly different name. What is the name of this version? Wii Fit {Plus}
74%
What are the six different categories of exercises that have appeared throughout the Wii Fit series? Balance
73%
What is the name of the peripheral that was included with Wii Fit? Wii Fit Balance Board
71%
When asked to demo Wii Fit, Reggie Fils-Aime responded with this inconic line: “My body is {ready}”
70%
In Wii Fit Trainer’s reveal trailer, what three characters are shown attempting to do a tree pose? Kirby
66%
What are the six different categories of exercises that have appeared throughout the Wii Fit series? Yoga
66%
In what game’s rhythm mode can the Wii Fit menu theme be unlocked? Ring Fit Adventure
39%
Name a game that used this peripheral that is NOT apart of the Wii Fit series. Wii Music, The Garfield Show: Threat of the Space Lasagna
30%
What are the six different categories of exercises that have appeared throughout the Wii Fit series? Aerobics
28%
What are the six different categories of exercises that have appeared throughout the Wii Fit series? Strength Training
27%
Aptly named fitness game on Switch challenges you to do 100 reps. {Jump} {Rope} Challenge
24%
Cancelled Wii accessory that attaches to your finger and keeps track of your heart rate. Wii Vitality Sensor
11%
What are the six different categories of exercises that have appeared throughout the Wii Fit series? Dance
6%
What are the six different categories of exercises that have appeared throughout the Wii Fit series? Training Plus
4%
No matching quizzes found
Score Distribution
Percent of People with Each Score
Percentile by Number Answered
Your Score History
You have not taken this quiz